Paroles - J'ai encore rêvé d'elle - Il était une fois - Statistiques

Statistiques générales
  • Ce quiz a été pris 1 236 fois
  • Le résultat moyen est 176 sur 208
Statistiques - réponses
Réponse % Correct
d'elle
100%
en
100%
encore
100%
J'ai
100%
j'ai
100%
rêvé
100%
rêve
100%
elle
99%
Elle
99%
Je
99%
je
99%
pour
99%
à
97%
fait
97%
la
97%
97%
moi
97%
belle
96%
ne
96%
pas
96%
les
95%
me
95%
n'est
95%
si
95%
Si
95%
est
94%
et
94%
Et
94%
vraiment
94%
ça
93%
un
93%
faite
92%
s'en
92%
ses
92%
C'est
91%
Juste
91%
juste,
91%
juste
91%
pouvais
91%
côtés
90%
n'a
90%
réveiller
90%
rien
90%
Que
89%
draps
88%
88%
matin,
87%
souviennent
87%
Une
87%
une
87%
demain
86%
demain,
86%
l'ai
86%
nuit,
86%
mon
85%
savais
85%
Tout
85%
trouver
85%
fort
84%
peu
84%
cœur
83%
ira
83%
douceur
82%
bête,
81%
n'ai
80%
froid
79%
soir
79%
son
79%
dormi
78%
mal
78%
dans
77%
par
77%
corps
75%
t'aime
75%
toi
75%
aussi
74%
l'espoir
74%
rêvée
73%
Donnez-moi
71%
tu
71%
Tu
71%
Bercé
69%
suis
69%
dormais
66%
Toute
66%
mieux,
65%
seras
60%
vais
57%
tes
53%
y
52%
réveille-toi
50%
Prêtez-moi
47%
vie
46%
dors
44%
sûr,
44%
yeux,
44%
ouvre
41%
enfin
40%
retrouver
39%
regarde-moi
38%
bras
35%
Laissez-moi
22%
croire
18%
t'attendais,
10%
donnez-lui
4%
Aucun quiz correspondant
Distribution des résultats
% des personnes avec chaque résultat
Percentile par nombre de réponses
Votre historique - résultats
Vous n’avez pas pris ce quiz